Países que tienen estrellas y/o soles en sus banderas - Estadísticas

Estadísticas generales
  • Esta prueba ha sido intentada 54 veces
  • La puntuación promedio es 47 de 80
Estadísticas de respuestas
Continente Respuesta % Correcto
América Argentina
98%
América Estados Unidos
86%
América Uruguay
86%
América Chile
84%
Oceanía Australia
82%
Oceanía Nueva Zelanda
82%
Asia China
80%
África Angola
75%
África Argelia
75%
América Brasil
75%
América Venezuela
75%
América Cuba
73%
Asia Turquía
73%
África Marruecos
70%
África Senegal
70%
África Túnez
70%
África Camerún
68%
América Honduras
68%
Asia Pakistán
68%
América Panamá
68%
América Antigua y Barbuda
66%
África República Democrática del Congo
66%
África Somalia
66%
Asia Vietnam
66%
Asia Corea del Norte
64%
África Ghana
64%
Oceanía Samoa
64%
América Paraguay
61%
África Cabo Verde
59%
Asia Filipinas
59%
Asia Malasia
59%
Asia Singapur
59%
Asia Siria
59%
África Sudán del Sur
59%
Oceanía Tuvalu
59%
Oceanía Estados Federados de Micronesia
57%
África Etiopía
57%
Asia Kazajistán
57%
América Surinam
57%
África Zimbabue
57%
América Ecuador
55%
África Guinea Bissau
55%
Asia Israel
55%
África Mozambique
55%
Europa Bosnia y Herzegovina
52%
África Burkina Faso
52%
África Liberia
52%
Oceanía Nauru
52%
Asia Nepal
52%
Asia Taiwán
52%
África Togo
52%
Asia Turkmenistán
52%
Asia Azerbaiyán
50%
Europa Eslovenia
50%
África Libia
50%
África Namibia
50%
Oceanía Papua Nueva Guinea
50%
África Santo Tomé y Principe
50%
África Comoras
48%
Oceanía Kiribati
48%
Europa Kosovo
48%
África Malaui
48%
África Mauritania
48%
África República Centroafricana
48%
África Ruanda
48%
África Burundí
45%
Europa Croacia
45%
América Granada
45%
Asia Jordania
45%
Asia Tayikistán
45%
Asia Timor Oriental
45%
África Yibuti
45%
América Dominica
43%
África Guinea Ecuatorial
43%
Oceanía Islas Salomón
43%
Asia Myanmar
43%
América San Cristobal y Nieves
43%
Asia Uzbekistán
43%
Oceanía Islas Marshall
36%
Europa Moldavia
36%
No se encontraron pruebas coincidentes
Distribución de puntuación
Porcentaje de gente con cada puntuación
Porcentaje por número respondido
Historial de tus puntuaciones
No has intentado esta prueba.